Communes de la CA Dracénoise - Statistiques

Statistiques générales
  • Ce quiz a été pris 20 fois
  • Le résultat moyen est 13 sur 23
Statistiques - réponses
Réponse % Correct
Draguignan
100%
Le Muy
86%
Les-Arcs-sur-Argens
86%
Lorgues
86%
Trans-en-Provence
86%
Vidauban
86%
Comps-sur-Artuby
71%
Montferrat
71%
Taradeau
71%
Ampus
57%
Callas
57%
Châteaudouble
57%
Figanières
57%
Flayosc
57%
La Motte
57%
Salernes
57%
Sillans-la-Cascade
57%
Bargemon
43%
Bargème
29%
Claviers
29%
La Bastide
14%
La Roque-Esclapon
14%
Saint-Antonin-du-Var
0%
Aucun quiz correspondant
Distribution des résultats
% des personnes avec chaque résultat
Percentile par nombre de réponses
Votre historique - résultats
Vous n’avez pas pris ce quiz